[Event "La Pobla de Lillet op A"]
[Site "La Pobla de Lillet ESP"]
[Date "2015.08.07"]
[Round "7.2"]
[White "Movsziszian, K."]
[Black "Muñoz Pantoja, M."]
[Result "1/2-1/2"]
[WhiteElo "2457"]
[BlackElo "2434"]
[PlyCount "111"]
[EventDate "2015.08.01"]
[EventType "swiss"]
[EventRounds "9"]
[EventCountry "ESP"]
[SourceTitle "Ajedrez en Madrid"]
[Source "lmi"]
[SourceDate "2020.06.24"]
[SourceVersion "1"]
[SourceVersionDate "2020.06.24"]
[SourceQuality "1"]

1. g3 e5 2. Bg2 d5 3. d3 Nf6 4. Nf3 Nc6 5. O-O Bd6 6. Bg5 O-O 7. Nc3 Be6 8. e4
dxe4 9. dxe4 h6 10. Bxf6 Qxf6 11. Nd5 Qd8 12. c3 Ne7 13. Ne3 c6 14. Qe2 Qb6 15.
Rfd1 Rad8 16. b4 a5 17. a3 Rd7 18. Bf1 Rfd8 19. Nc4 Bxc4 20. Qxc4 Bb8 21. Rxd7
Rxd7 22. Qb3 Kf8 23. Qa4 axb4 24. axb4 Ng8 25. Qa5 Qxa5 26. Rxa5 Nf6 27. Ra8
Rd8 28. Nxe5 Ke7 29. Nc4 Nxe4 30. Na5 Nd6 31. Ba6 Bc7 32. Rxd8 Kxd8 33. Bxb7
Bxa5 34. bxa5 Kc7 35. Ba6 Nb7 36. Bc4 f6 37. a6 Nd6 38. Bd3 Nb5 39. Kg2 Nxc3
40. Kf3 Nd5 41. Ke4 Ne7 42. a7 Kb7 43. Kd4 Kxa7 44. Kc5 Nd5 45. Be4 Nc3 46.
Bxc6 Nd1 47. f3 Ne3 48. Bb5 Kb7 49. Bd3 Kc7 50. Kd4 Nd1 51. Bc2 Nf2 52. h4 g5
53. hxg5 hxg5 54. Ke3 Nh1 55. g4 Kd6 56. f4 1/2-1/2

[Event "La Pobla de Lillet op A"]
[Site "La Pobla de Lillet ESP"]
[Date "2015.08.07"]
[Round "7.3"]
[White "Ayza Ballester, J."]
[Black "Cervello Tost, F."]
[Result "0-1"]
[WhiteElo "2211"]
[BlackElo "2303"]
[PlyCount "56"]
[EventDate "2015.08.01"]
[EventType "swiss"]
[EventRounds "9"]
[EventCountry "ESP"]
[SourceTitle "Ajedrez en Madrid"]
[Source "lmi"]
[SourceDate "2020.06.24"]
[SourceVersion "1"]
[SourceVersionDate "2020.06.24"]
[SourceQuality "1"]

1. e4 c6 2. d4 d5 3. Nc3 dxe4 4. Nxe4 Bf5 5. Ng3 Bg6 6. Nf3 Nd7 7. Bd3 e6 8.
O-O Ngf6 9. Re1 Bd6 10. Bg5 Qc7 11. c4 Bxd3 12. Qxd3 O-O-O 13. d5 exd5 14. cxd5
c5 15. Nf5 g6 16. Nxd6+ Qxd6 17. b4 Rde8 18. Red1 Ne4 19. Be3 Kb8 20. bxc5
Ndxc5 21. Qa3 Ka8 22. Nd4 Na6 23. Qa4 Qd8 24. Qb3 Qxd5 25. f3 Qc5 26. Qd3 Nc3
27. Rdc1 Rc8 28. Bd2 Qxd4+ 0-1

[Event "La Pobla de Lillet op A"]
[Site "La Pobla de Lillet ESP"]
[Date "2015.08.07"]
[Round "7.4"]
[White "Sanpera Bonet, JC."]
[Black "Mellado Triviño, J."]
[Result "0-1"]
[WhiteElo "2080"]
[BlackElo "2442"]
[PlyCount "74"]
[EventDate "2015.08.01"]
[EventType "swiss"]
[EventRounds "9"]
[EventCountry "ESP"]
[SourceTitle "Ajedrez en Madrid"]
[Source "lmi"]
[SourceDate "2020.06.24"]
[SourceVersion "1"]
[SourceVersionDate "2020.06.24"]
[SourceQuality "1"]

1. e4 d5 2. exd5 Qxd5 3. Nc3 Qa5 4. Bc4 Nf6 5. d3 Bg4 6. f3 Bd7 7. Nge2 e6 8.
Bd2 Qh5 9. Ne4 Nxe4 10. fxe4 Nc6 11. O-O Bc5+ 12. Kh1 Ne5 13. Nf4 Qxd1 14.
Raxd1 Nxc4 15. dxc4 Bc6 16. Bc3 O-O 17. Rfe1 Bd6 18. Nd3 Rfd8 19. Re2 Be7 20.
Rf1 f6 21. b3 e5 22. Bb4 Bxb4 23. Nxb4 Be8 24. Nd5 Rd7 25. Rd1 Rad8 26. Rd3 c6
27. Nb4 Bg6 28. Rxd7 Rxd7 29. Nd3 Bh5 30. Re3 Bd1 31. Ne1 Kf7 32. Rd3 Rd4 33.
Nf3 Bxc2 34. Nxd4 Bxd3 35. Nf5 b6 36. a3 g6 37. Ng3 a5 0-1

[Event "La Pobla de Lillet op A"]
[Site "La Pobla de Lillet ESP"]
[Date "2015.08.07"]
[Round "7.5"]
[White "Povill Claros, X."]
[Black "Lopez Moreno, J."]
[Result "1-0"]
[WhiteElo "2200"]
[BlackElo "2022"]
[PlyCount "119"]
[EventDate "2015.08.01"]
[EventType "swiss"]
[EventRounds "9"]
[EventCountry "ESP"]
[SourceTitle "Ajedrez en Madrid"]
[Source "lmi"]
[SourceDate "2020.06.24"]
[SourceVersion "1"]
[SourceVersionDate "2020.06.24"]
[SourceQuality "1"]

1. d4 d5 2. c4 c6 3. Nf3 Nf6 4. e3 e6 5. b3 Nbd7 6. Bb2 Ne4 7. Bd3 f5 8. O-O
Bd6 9. Nfd2 O-O 10. Qe1 Rf6 11. f3 Rh6 12. g3 Ng5 13. e4 Nh3+ 14. Kh1 g5 15. c5
Bc7 16. e5 Qe8 17. Qe2 Nf8 18. Nc3 Bd7 19. Nd1 Qh5 20. Qg2 Qf7 21. Nf2 Nxf2+
22. Qxf2 Rg6 23. f4 g4 24. Kg2 h5 25. Rh1 Rh6 26. Kf1 h4 27. Ke2 Qh7 28. Rhg1
Kf7 29. Rg2 Ng6 30. b4 Rh8 31. Nf1 Ra8 32. a4 Qg7 33. Bc3 Rhh8 34. Ke3 hxg3 35.
hxg3 Rh3 36. Ke2 Qh6 37. Bd2 Qh5 38. Ra3 Bd8 39. Kd1 a6 40. Be3 Bc7 41. Qa2 Rh1
42. Ke1 Qh3 43. Qf2 Bd8 44. Kd1 Qh8 45. Ra1 Bc7 46. Qe1 Qg7 47. Bg1 Rhh8 48.
Ra3 Rhb8 49. Rb2 Qh6 50. Rh2 Qg7 51. Rb3 Rh8 52. Rhb2 Ne7 53. Ke2 Qh6 54. Ke3
Qh1 55. Nh2 Rh3 56. Qf2 Ng6 57. Bf1 Rxh2 58. Bxh2 Rh8 59. Bg1 Nxf4 60. gxf4 1-0

[Event "La Pobla de Lillet op A"]
[Site "La Pobla de Lillet ESP"]
[Date "2015.08.07"]
[Round "7.6"]
[White "Guasch Murtra, JM."]
[Black "Capellades Subirana, M."]
[Result "0-1"]
[WhiteElo "1955"]
[BlackElo "2199"]
[PlyCount "66"]
[EventDate "2015.08.01"]
[EventType "swiss"]
[EventRounds "9"]
[EventCountry "ESP"]
[SourceTitle "Ajedrez en Madrid"]
[Source "lmi"]
[SourceDate "2020.06.24"]
[SourceVersion "1"]
[SourceVersionDate "2020.06.24"]
[SourceQuality "1"]

1. d4 Nf6 2. c4 e6 3. Nc3 Bb4 4. e3 d5 5. Nf3 O-O 6. Bd3 dxc4 7. Bxc4 c5 8. O-O
cxd4 9. exd4 b6 10. Qe2 Bb7 11. Rd1 Bxc3 12. bxc3 Nd5 13. Bg5 Qc7 14. Rac1 h6
15. Be3 Nd7 16. Bb3 Rac8 17. c4 Nf4 18. Qd2 Nh3+ 19. Kf1 Bxf3 20. gxf3 Qxh2 21.
Ke2 Nf6 22. Rh1 Qg2 23. Rcf1 e5 24. dxe5 Rcd8 25. Qc1 Nh5 26. Rxh3 Qxh3 27.
Bxh6 Qf5 28. Rg1 Qxe5+ 29. Kf1 Rd6 30. Rg5 Qh2 31. Rg2 Qh1+ 32. Rg1 Qh3+ 33.
Rg2 Rxh6 0-1

[Event "La Pobla de Lillet op A"]
[Site "La Pobla de Lillet ESP"]
[Date "2015.08.07"]
[Round "7.7"]
[White "Tejero Royo, F."]
[Black "Prats Rodriguez, JB."]
[Result "0-1"]
[WhiteElo "2043"]
[BlackElo "1994"]
[PlyCount "102"]
[EventDate "2015.08.01"]
[EventType "swiss"]
[EventRounds "9"]
[EventCountry "ESP"]
[SourceTitle "Ajedrez en Madrid"]
[Source "lmi"]
[SourceDate "2020.06.24"]
[SourceVersion "1"]
[SourceVersionDate "2020.06.24"]
[SourceQuality "1"]

1. d4 d5 2. Nf3 Nf6 3. g3 Bf5 4. Bg2 e6 5. c4 c6 6. Nc3 Be7 7. cxd5 exd5 8. O-O
O-O 9. a3 a5 10. b3 Nbd7 11. Bb2 Ne4 12. Nd2 Nxc3 13. Bxc3 Nf6 14. b4 axb4 15.
Bxb4 Bxb4 16. axb4 Qb6 17. Nf3 Qxb4 18. Nh4 Bg4 19. f3 Bh5 20. Qd3 Qb6 21. Rab1
Qc7 22. e4 dxe4 23. fxe4 Ra5 24. Qb3 Rb5 25. Qc4 Rxb1 26. Rxb1 Qd7 27. e5 Ng4
28. Be4 Rd8 29. Bf5 Qe7 30. Qc5 Qxc5 31. dxc5 Ne3 32. Rxb7 g5 33. g4 Nxg4 34.
Bxg4 Bxg4 35. Ng2 Bf3 36. Ne3 h5 37. Nf5 Bd5 38. Rc7 Kh7 39. Ne7 Kg7 40. Nxc6
Bxc6 41. Rxc6 Rd1+ 42. Kg2 Rc1 43. Rc8 Kg6 44. c6 Kf5 45. h4 g4 46. Rh8 Kg6 47.
Rg8+ Kh7 48. Rg5 Kh6 49. Rf5 Rxc6 50. Rxf7 Rc2+ 51. Kg3 Rc3+ 0-1

[Event "La Pobla de Lillet op A"]
[Site "La Pobla de Lillet ESP"]
[Date "2015.08.07"]
[Round "7.8"]
[White "Travesset Ribera, D."]
[Black "Amores Gago, X."]
[Result "1/2-1/2"]
[WhiteElo "2149"]
[BlackElo "2149"]
[PlyCount "29"]
[EventDate "2015.08.01"]
[EventType "swiss"]
[EventRounds "9"]
[EventCountry "ESP"]
[SourceTitle "Ajedrez en Madrid"]
[Source "lmi"]
[SourceDate "2020.06.24"]
[SourceVersion "1"]
[SourceVersionDate "2020.06.24"]
[SourceQuality "1"]

1. d4 d6 2. Nf3 Nf6 3. c4 g6 4. Nc3 Bg7 5. g3 O-O 6. Bg2 Nc6 7. O-O a6 8. Nd5
Nxd5 9. cxd5 Nb4 10. Qb3 a5 11. a3 Na6 12. Bd2 b6 13. Rfc1 Bd7 14. Qd3 Qe8 15.
h4 1/2-1/2

[Event "La Pobla de Lillet op A"]
[Site "La Pobla de Lillet ESP"]
[Date "2015.08.07"]
[Round "7.9"]
[White "Viñals Rioja, J."]
[Black "Moya Arau, C."]
[Result "0-1"]
[WhiteElo "2018"]
[BlackElo "2051"]
[PlyCount "80"]
[EventDate "2015.08.01"]
[EventType "swiss"]
[EventRounds "9"]
[EventCountry "ESP"]
[SourceTitle "Ajedrez en Madrid"]
[Source "lmi"]
[SourceDate "2020.06.24"]
[SourceVersion "1"]
[SourceVersionDate "2020.06.24"]
[SourceQuality "1"]

1. Nf3 Nf6 2. g3 g6 3. Bg2 Bg7 4. O-O O-O 5. d4 d5 6. h3 e6 7. Ne5 Nbd7 8. Bg5
h6 9. Bxf6 Nxf6 10. Nd2 Qe7 11. c3 c5 12. e3 b6 13. f4 Bb7 14. Qe2 a6 15. g4
Nd7 16. Qf2 Kh7 17. Qg3 Nxe5 18. fxe5 f6 19. Nf3 fxe5 20. Nxe5 Qc7 21. Kh2 Bxe5
22. dxe5 Kg7 23. Rf6 Qd7 24. Raf1 Rxf6 25. Rxf6 Rf8 26. Qh4 Qd8 27. Qg3 Rxf6
28. exf6+ Kf7 29. Qe5 Qxf6 30. Qc7+ Qe7 31. Qxb6 c4 32. b3 cxb3 33. axb3 e5 34.
Bxd5+ Bxd5 35. c4 Bb7 36. c5 Qd7 37. Qb4 Qc6 38. Qc4+ Qd5 39. Qc2 Qh1+ 40. Kg3
Qe1+ 0-1

[Event "La Pobla de Lillet op A"]
[Site "La Pobla de Lillet ESP"]
[Date "2015.08.07"]
[Round "7.10"]
[White "Masachs Vendrell, F."]
[Black "Gomez Jurado, LA."]
[Result "0-1"]
[WhiteElo "1981"]
[BlackElo "2267"]
[PlyCount "64"]
[EventDate "2015.08.01"]
[EventType "swiss"]
[EventRounds "9"]
[EventCountry "ESP"]
[SourceTitle "Ajedrez en Madrid"]
[Source "lmi"]
[SourceDate "2020.06.24"]
[SourceVersion "1"]
[SourceVersionDate "2020.06.24"]
[SourceQuality "1"]

1. d4 Nf6 2. Nc3 g6 3. e4 d6 4. Bg5 Bg7 5. e5 Ng8 6. Bc4 dxe5 7. dxe5 Qxd1+ 8.
Rxd1 Bxe5 9. Nf3 Bxc3+ 10. bxc3 Nc6 11. Bf4 Bg4 12. Rd3 Bxf3 13. Rxf3 Nf6 14.
Bxc7 O-O 15. Bf4 Nh5 16. g4 Nxf4 17. Rxf4 Rac8 18. h4 Na5 19. Bd3 Rxc3 20. g5
Rd8 21. Rh3 e5 22. Re4 Nc6 23. h5 Rd4 24. Ree3 Rg4 25. h6 Kf8 26. Rhg3 Rxg3 27.
Rxg3 Nd4 28. Kd2 Ra3 29. Re3 Rxa2 30. Kc3 Ra5 31. Re4 Ne6 32. Kb4 Rc5 0-1

[Event "La Pobla de Lillet op A"]
[Site "La Pobla de Lillet ESP"]
[Date "2015.08.07"]
[Round "7.11"]
[White "Menac Comas, JR."]
[Black "Garcia Galeote, L."]
[Result "1-0"]
[WhiteElo "2115"]
[BlackElo "1973"]
[PlyCount "75"]
[EventDate "2015.08.01"]
[EventType "swiss"]
[EventRounds "9"]
[EventCountry "ESP"]
[SourceTitle "Ajedrez en Madrid"]
[Source "lmi"]
[SourceDate "2020.06.24"]
[SourceVersion "1"]
[SourceVersionDate "2020.06.24"]
[SourceQuality "1"]

1. e4 g6 2. d4 Bg7 3. Nc3 d6 4. Be3 a6 5. f4 b5 6. Nf3 Nd7 7. h4 h5 8. Qd2 Bb7
9. Ng5 e6 10. O-O-O Ngf6 11. Bd3 Ng4 12. e5 Qe7 13. exd6 Qxd6 14. Nce4 Qb6 15.
Nc5 Ndf6 16. Rhe1 Nxe3 17. Rxe3 Bd5 18. Rde1 O-O 19. Bxg6 fxg6 20. Qd3 Qd6 21.
Qxg6 Qxf4 22. Ncxe6 Bxe6 23. Qxg7+ Kxg7 24. Nxe6+ Kg8 25. Nxf4 Ng4 26. Rf3 Rf5
27. Ne6 Rxf3 28. gxf3 Nh6 29. Nxc7 Ra7 30. Ne6 Nf5 31. Re5 Rf7 32. Ng5 Rf8 33.
d5 Nxh4 34. d6 Ng6 35. Re6 Nf4 36. Re4 Nd5 37. Rd4 Nf4 38. Kd2 1-0

[Event "La Pobla de Lillet op A"]
[Site "La Pobla de Lillet ESP"]
[Date "2015.08.08"]
[Round "8.1"]
[White "Cervello Tost, F."]
[Black "Lorenzo de la Riva, L."]
[Result "0-1"]
[WhiteElo "2303"]
[BlackElo "2372"]
[PlyCount "136"]
[EventDate "2015.08.01"]
[EventType "swiss"]
[EventRounds "9"]
[EventCountry "ESP"]
[SourceTitle "Ajedrez en Madrid"]
[Source "lmi"]
[SourceDate "2020.06.24"]
[SourceVersion "1"]
[SourceVersionDate "2020.06.24"]
[SourceQuality "1"]

1. Nf3 c5 2. g3 Nc6 3. d4 cxd4 4. Nxd4 e5 5. Nxc6 bxc6 6. Bg2 h5 7. h4 Bc5 8.
Nc3 d5 9. O-O Ne7 10. Na4 Bd6 11. c4 Be6 12. Nc3 d4 13. Ne4 Bxc4 14. b3 Bd5 15.
e3 c5 16. b4 Bxe4 17. Bxe4 Rb8 18. bxc5 Bxc5 19. exd4 Qxd4 20. Qxd4 Bxd4 21.
Rb1 Rxb1 22. Bxb1 Kd7 23. Rd1 Ke6 24. Bc2 Nf5 25. Kg2 Rc8 26. Bb3+ Kf6 27. Bd2
g6 28. Rb1 Kg7 29. Bd1 Nd6 30. Rb4 Bc3 31. Bxc3 Rxc3 32. Ra4 Rc7 33. Bb3 Nf5
34. Kf3 Nd6 35. Ra6 Rc3+ 36. Kg2 Nc8 37. Ra5 e4 38. Re5 f5 39. Re6 Rc7 40. Kf1
Ne7 41. Ke2 Ng8 42. Re8 Nf6 43. Rb8 Re7 44. a4 Ng4 45. a5 Ne5 46. Rg8+ Kf6 47.
Rf8+ Kg7 48. Rg8+ Kh7 49. a6 Nc6 50. Ke3 Nb4 51. Kf4 Nxa6 52. Rc8 Nb4 53. Kg5
Nd3 54. Bg8+ Kg7 55. Bc4 Ne5 56. Ba2 Nf3+ 57. Kf4 Rb7 58. Rg8+ Kh6 59. Rh8+ Rh7
60. Rd8 Nh2 61. Rd6 Ng4 62. Be6 Nxf2 63. Bxf5 Rg7 64. Bxe4 Rf7+ 65. Ke3 Ng4+
66. Kd4 Rf6 67. Rd7 Ra6 68. Bd3 Ra4+ 0-1

[Event "La Pobla de Lillet op A"]
[Site "La Pobla de Lillet ESP"]
[Date "2015.08.08"]
[Round "8.2"]
[White "Mellado Triviño, J."]
[Black "Movsziszian, K."]
[Result "1/2-1/2"]
[WhiteElo "2442"]
[BlackElo "2457"]
[PlyCount "73"]
[EventDate "2015.08.01"]
[EventType "swiss"]
[EventRounds "9"]
[EventCountry "ESP"]
[SourceTitle "Ajedrez en Madrid"]
[Source "lmi"]
[SourceDate "2020.06.24"]
[SourceVersion "1"]
[SourceVersionDate "2020.06.24"]
[SourceQuality "1"]

1. d4 d6 2. e4 g6 3. Nc3 Bg7 4. Bg5 a6 5. Nf3 b5 6. a4 b4 7. Nd5 Nc6 8. Bc4 h6
9. Be3 e6 10. Nf4 Nf6 11. d5 Na5 12. Qd3 e5 13. Ne2 Nxe4 14. Qxe4 f5 15. Bb5+
axb5 16. Qxb4 bxa4 17. O-O Bd7 18. Nc3 O-O 19. Nxa4 e4 20. Nd4 f4 21. Bc1 Rb8
22. Qxa5 Bxd4 23. Rd1 Be5 24. Qe1 e3 25. Nc3 Bg4 26. f3 Bf5 27. Qe2 g5 28. Ra4
Qd7 29. Rc4 Kh8 30. g4 fxg3 31. hxg3 Bxg3 32. Bxe3 Rxb2 33. Bd4+ Be5 34. Bxe5+
dxe5 35. Qxe5+ Qg7 36. Qxg7+ Kxg7 37. Rxc7+ 1/2-1/2

[Event "La Pobla de Lillet op A"]
[Site "La Pobla de Lillet ESP"]
[Date "2015.08.08"]
[Round "8.3"]
[White "Muñoz Pantoja, M."]
[Black "Povill Claros, X."]
[Result "1-0"]
[WhiteElo "2434"]
[BlackElo "2200"]
[PlyCount "75"]
[EventDate "2015.08.01"]
[EventType "swiss"]
[EventRounds "9"]
[EventCountry "ESP"]
[SourceTitle "Ajedrez en Madrid"]
[Source "lmi"]
[SourceDate "2020.06.24"]
[SourceVersion "1"]
[SourceVersionDate "2020.06.24"]
[SourceQuality "1"]

1. e4 c6 2. Nc3 d5 3. Nf3 Bg4 4. Be2 Nf6 5. e5 Nfd7 6. d4 e6 7. O-O Be7 8. Ne1
Bxe2 9. Nxe2 c5 10. c3 Nc6 11. Nd3 cxd4 12. cxd4 Qb6 13. Be3 O-O 14. Nef4 Nb4
15. Nxb4 Bxb4 16. Qg4 Rfd8 17. Nh5 g6 18. Rac1 Rdc8 19. Nf4 Rxc1 20. Rxc1 Nf8
21. h4 Qd8 22. h5 Qd7 23. g3 Ba5 24. Kh2 Bd8 25. Rc3 b6 26. hxg6 fxg6 27. Nh3
Rc8 28. Rxc8 Qxc8 29. Bh6 Qc6 30. Kg2 Be7 31. Nf4 Kf7 32. Bxf8 Bxf8 33. Qh4 Bg7
34. Qxh7 Qc2 35. Nxe6 Qe4+ 36. Kh2 Kxe6 37. Qxg7 Qxd4 38. Qf6+ 1-0

[Event "La Pobla de Lillet op A"]
[Site "La Pobla de Lillet ESP"]
[Date "2015.08.08"]
[Round "8.4"]
[White "Prats Rodriguez, JB."]
[Black "De la Riva Aguado, J."]
[Result "1/2-1/2"]
[WhiteElo "1994"]
[BlackElo "2221"]
[PlyCount "28"]
[EventDate "2015.08.01"]
[EventType "swiss"]
[EventRounds "9"]
[EventCountry "ESP"]
[SourceTitle "Ajedrez en Madrid"]
[Source "lmi"]
[SourceDate "2020.06.24"]
[SourceVersion "1"]
[SourceVersionDate "2020.06.24"]
[SourceQuality "1"]

1. e4 c5 2. Nc3 e6 3. g3 d5 4. exd5 exd5 5. Bg2 Nf6 6. Nf3 d4 7. Nb5 Be7 8. O-O
O-O 9. d3 Bg4 10. Re1 Nc6 11. Na3 Qc8 12. Nc4 Re8 13. Bf4 Qd8 14. Qd2 Rc8
1/2-1/2

[Event "La Pobla de Lillet op A"]
[Site "La Pobla de Lillet ESP"]
[Date "2015.08.08"]
[Round "8.5"]
[White "Capellades Subirana, M."]
[Black "Travesset Ribera, D."]
[Result "1/2-1/2"]
[WhiteElo "2199"]
[BlackElo "2149"]
[PlyCount "155"]
[EventDate "2015.08.01"]
[EventType "swiss"]
[EventRounds "9"]
[EventCountry "ESP"]
[SourceTitle "Ajedrez en Madrid"]
[Source "lmi"]
[SourceDate "2020.06.24"]
[SourceVersion "1"]
[SourceVersionDate "2020.06.24"]
[SourceQuality "1"]

1. e4 c5 2. Nf3 Nc6 3. d4 cxd4 4. Nxd4 d5 5. Bb5 dxe4 6. Nxc6 Qxd1+ 7. Kxd1 a6
8. Ba4 Bd7 9. Nc3 Bxc6 10. Bxc6+ bxc6 11. Nxe4 e5 12. Re1 Rd8+ 13. Ke2 f5 14.
Ng3 g6 15. Bd2 Bd6 16. Bc3 Nf6 17. Kf1 O-O 18. Rad1 e4 19. Ba5 Rd7 20. c4 Be5
21. Rxd7 Nxd7 22. b3 Kf7 23. Ne2 Ke6 24. h3 Rf7 25. Bb4 c5 26. Ba5 Nf6 27. Rd1
Rd7 28. Rxd7 Nxd7 29. Bc3 Nb8 30. Ke1 Nc6 31. Kd2 Nd4 32. Ba5 Nxe2 33. Kxe2 f4
34. Bb6 Kd7 35. f3 e3 36. Kd3 Bf6 37. Ba5 Bh4 38. Bc3 Bg3 39. Bg7 Kc6 40. Bf8
a5 41. Be7 Kb6 42. Ke2 Bh2 43. Bh4 Ka6 44. Be1 Kb6 45. Kf1 Ka6 46. Bh4 Kb6 47.
Bd8+ Ka6 48. Bc7 Bg3 49. Ke2 Bh2 50. Be5 Bg3 51. Bf6 Kb6 52. Bg5 Ka6 53. Bd8
Bf2 54. Kd3 Bg3 55. Bc7 Bh2 56. Be5 Bg3 57. Bb2 Be1 58. Bc1 Bg3 59. Ke2 Kb6 60.
Bb2 Kc6 61. Bf6 Kb6 62. Be7 Bf2 63. a3 Bg3 64. b4 axb4 65. axb4 cxb4 66. Bxb4
Kc6 67. Kd3 Bf2 68. Bc3 Bg3 69. Be5 Kc5 70. Bd4+ Kc6 71. Ke2 Kd6 72. Bc3 Kc5
73. Kd3 e2 74. Kxe2 Kxc4 75. Be5 Kd5 76. Bf6 Ke6 77. Bd8 Kf5 78. Be7 1/2-1/2

[Event "La Pobla de Lillet op A"]
[Site "La Pobla de Lillet ESP"]
[Date "2015.08.08"]
[Round "8.6"]
[White "Gomez Jurado, LA."]
[Black "Guasch Murtra, JM."]
[Result "1-0"]
[WhiteElo "2267"]
[BlackElo "1955"]
[PlyCount "69"]
[EventDate "2015.08.01"]
[EventType "swiss"]
[EventRounds "9"]
[EventCountry "ESP"]
[SourceTitle "Ajedrez en Madrid"]
[Source "lmi"]
[SourceDate "2020.06.24"]
[SourceVersion "1"]
[SourceVersionDate "2020.06.24"]
[SourceQuality "1"]

1. c4 g6 2. g3 Bg7 3. Bg2 c5 4. Nc3 Nc6 5. Nf3 e5 6. d3 Nge7 7. Nd2 d6 8. Nf1
O-O 9. Ne3 Rb8 10. O-O a6 11. a4 Nb4 12. Ned5 Nbxd5 13. Nxd5 Nxd5 14. Bxd5 Bh3
15. Re1 h5 16. a5 Kh7 17. e4 Qf6 18. f3 Bh6 19. Bxh6 Kxh6 20. Qd2+ g5 21. Qe3
Kg6 22. b4 cxb4 23. Reb1 Be6 24. Rxb4 Bxd5 25. exd5 Qe7 26. Rab1 f5 27. Rb6 Rf6
28. c5 dxc5 29. d6 Qd7 30. Qxc5 Rc8 31. Qxe5 Re6 32. Qd4 Re2 33. R6b2 Rcc2 34.
Rxc2 Rxc2 35. Re1 1-0

[Event "La Pobla de Lillet op A"]
[Site "La Pobla de Lillet ESP"]
[Date "2015.08.08"]
[Round "8.7"]
[White "Moya Arau, C."]
[Black "Ayza Ballester, J."]
[Result "0-1"]
[WhiteElo "2051"]
[BlackElo "2211"]
[PlyCount "80"]
[EventDate "2015.08.01"]
[EventType "swiss"]
[EventRounds "9"]
[EventCountry "ESP"]
[SourceTitle "Ajedrez en Madrid"]
[Source "lmi"]
[SourceDate "2020.06.24"]
[SourceVersion "1"]
[SourceVersionDate "2020.06.24"]
[SourceQuality "1"]

1. e4 c5 2. Nc3 Nc6 3. f4 g6 4. Nf3 Bg7 5. Bc4 e6 6. O-O Nge7 7. Qe1 O-O 8. d3
d5 9. Bb3 Nd4 10. Nxd4 cxd4 11. Ne2 dxe4 12. dxe4 a5 13. a3 d3 14. Nc3 Nc6 15.
Be3 Bd4 16. Rd1 dxc2 17. Bxc2 Bxe3+ 18. Qxe3 Qe7 19. e5 Nb8 20. Ne4 Kg7 21. Rd6
Qc7 22. Rc1 Nc6 23. Ba4 Ra6 24. Qc3 Rd8 25. Rcd1 Rf8 26. Bb5 Ra8 27. Bxc6 bxc6
28. Rxc6 Qb8 29. Nd6 Ba6 30. Rc1 a4 31. Qd4 Qb3 32. Rb6 Qa2 33. Rc7 Qb1+ 34.
Kf2 Qf1+ 35. Kg3 h5 36. Rcc6 Be2 37. Rb7 Qe1+ 38. Qf2 h4+ 39. Kh3 Qxf2 40. Rcc7
Qxf4 0-1

[Event "La Pobla de Lillet op A"]
[Site "La Pobla de Lillet ESP"]
[Date "2015.08.08"]
[Round "8.8"]
[White "Amores Gago, X."]
[Black "Torrents Señal, M."]
[Result "0-1"]
[WhiteElo "2149"]
[BlackElo "1824"]
[PlyCount "106"]
[EventDate "2015.08.01"]
[EventType "swiss"]
[EventRounds "9"]
[EventCountry "ESP"]
[SourceTitle "Ajedrez en Madrid"]
[Source "lmi"]
[SourceDate "2020.06.24"]
[SourceVersion "1"]
[SourceVersionDate "2020.06.24"]
[SourceQuality "1"]

1. e4 d5 2. exd5 Qxd5 3. Nc3 Qa5 4. d4 c6 5. Nf3 Nf6 6. Bc4 Bg4 7. h3 Bxf3 8.
Qxf3 e6 9. Bd2 Qb6 10. O-O-O Nbd7 11. Bb3 O-O-O 12. g4 h6 13. h4 Qxd4 14. Bf4
Qb4 15. a3 Qa5 16. g5 hxg5 17. hxg5 Rxh1 18. Rxh1 Ne8 19. Ne4 Qf5 20. Ng3 Qg6
21. Bc4 e5 22. Be3 Nd6 23. Bd3 Qe6 24. Kb1 Re8 25. Rh4 Kb8 26. c4 c5 27. b3 g6
28. Bc2 Be7 29. Rh7 Rf8 30. Qh1 Kc7 31. Qh6 b5 32. cxb5 Nxb5 33. Ka2 c4 34. b4
Nd4 35. Bxd4 exd4 36. Qh4 d3 37. Bd1 Nb6 38. Qf4+ Bd6 39. Qe4 Qxe4 40. Nxe4 Nd5
41. Kb2 c3+ 42. Kb3 c2 43. Bxc2 dxc2 44. Kxc2 Kd7 45. Kd3 Ke6 46. Rh1 Rc8 47.
Rh7 Rc7 48. Kd4 Be5+ 49. Kd3 Nf4+ 50. Ke3 Kf5 51. Rh1 Rd7 52. Nc5 Bd4+ 53. Kf3
Bxc5 0-1

[Event "La Pobla de Lillet op A"]
[Site "La Pobla de Lillet ESP"]
[Date "2015.08.08"]
[Round "8.9"]
[White "Tejero Royo, F."]
[Black "Menac Comas, JR."]
[Result "0-1"]
[WhiteElo "2043"]
[BlackElo "2115"]
[PlyCount "76"]
[EventDate "2015.08.01"]
[EventType "swiss"]
[EventRounds "9"]
[EventCountry "ESP"]
[SourceTitle "Ajedrez en Madrid"]
[Source "lmi"]
[SourceDate "2020.06.24"]
[SourceVersion "1"]
[SourceVersionDate "2020.06.24"]
[SourceQuality "1"]

1. e4 c5 2. c3 g6 3. d4 cxd4 4. cxd4 d5 5. exd5 Nf6 6. Bb5+ Bd7 7. Bc4 Bg7 8.
Nc3 O-O 9. Nf3 Bg4 10. h3 Bxf3 11. Qxf3 Nbd7 12. O-O Nb6 13. Bb3 a5 14. a4 Qd7
15. Bg5 Rac8 16. Rfe1 h6 17. Bh4 Rfe8 18. Rad1 Nc4 19. Re2 Nd6 20. Bg3 Nf5 21.
Be5 Red8 22. Ne4 Nxd5 23. Nc5 Qc6 24. Bxg7 Kxg7 25. g4 Nh4 26. Qe4 Nf4 27. Re3
Qxe4 28. Nxe4 e6 29. Nc3 g5 30. Kh2 Nhg6 31. Kg3 Ne7 32. Re5 Nc6 33. Rc5 b6 34.
Rc4 Nb4 35. h4 Nbd3 36. hxg5 hxg5 37. Rxc8 Rxc8 38. Nd5 Nxb2 0-1

[Event "La Pobla de Lillet op A"]
[Site "La Pobla de Lillet ESP"]
[Date "2015.08.08"]
[Round "8.10"]
[White "Lopez Moreno, J."]
[Black "Sanpera Bonet, JC."]
[Result "0-1"]
[WhiteElo "2022"]
[BlackElo "2080"]
[PlyCount "30"]
[EventDate "2015.08.01"]
[EventType "swiss"]
[EventRounds "9"]
[EventCountry "ESP"]
[SourceTitle "Ajedrez en Madrid"]
[Source "lmi"]
[SourceDate "2020.06.24"]
[SourceVersion "1"]
[SourceVersionDate "2020.06.24"]
[SourceQuality "1"]

1. d4 d6 2. c4 e5 3. Nf3 Bg4 4. dxe5 Nc6 5. Bg5 Qd7 6. exd6 Bxd6 7. Nbd2 f6 8.
Be3 O-O-O 9. a3 Nge7 10. c5 Be5 11. Nxe5 Nxe5 12. f3 Nf5 13. Bf2 Rhe8 14. e4
Nd4 15. Be2 Nxe2 0-1

[Event "La Pobla de Lillet op A"]
[Site "La Pobla de Lillet ESP"]
[Date "2015.08.08"]
[Round "8.14"]
[White "Segarra Calderer, A."]
[Black "Garcia Galeote, L."]
[Result "1-0"]
[WhiteElo "2014"]
[BlackElo "1973"]
[PlyCount "49"]
[EventDate "2015.08.01"]
[EventType "swiss"]
[EventRounds "9"]
[EventCountry "ESP"]
[SourceTitle "Ajedrez en Madrid"]
[Source "lmi"]
[SourceDate "2020.06.24"]
[SourceVersion "1"]
[SourceVersionDate "2020.06.24"]
[SourceQuality "1"]

1. c4 g6 2. Nc3 Bg7 3. e4 d6 4. g3 f5 5. d3 Nf6 6. Bg2 Nc6 7. Nge2 O-O 8. O-O
fxe4 9. dxe4 Be6 10. b3 Qd7 11. Nf4 Bg4 12. f3 Nxe4 13. Nxe4 Bxa1 14. fxg4 Bd4+
15. Kh1 Bg7 16. Ng5 e5 17. Bd5+ Kh8 18. Be6 Qe8 19. Nd5 Rxf1+ 20. Qxf1 Nd8 21.
Bf7 Nxf7 22. Nxf7+ Kg8 23. Nh6+ Kh8 24. Bg5 Bxh6 25. Bxh6 1-0